| 000 | 00557nam a2200145 a 4500 | ||
|---|---|---|---|
| 008 | 120416s1992 ||||||||||||||||| || u | ||
| 020 | _a0819187410 | ||
| 050 | _aHD 8803 Ham | ||
| 100 | _aHamalengwa, Munyonzwe | ||
| 245 | 1 | 0 | _aClass struggles in Zambia 1889-1989 and the fall of Kenneth Kaunda, 1990-1991 |
| 260 |
_aLanham, Maryland _bUniversity Press of America _c1992 |
||
| 300 | _a(v), 182p. | ||
| 350 | _a0.00 | ||
| 995 |
_D0.00 _FCBU-MAIN LIBRARY (Kitwe) _H1 _I38.50 _M1 _UAVAILABLE _ZZambiana Collection |
||
| 999 |
_c37532 _d37532 |
||